[Event "Matinhos Caioba-ch"]
[Site "Matinhos"]
[Date "2015.08.28"]
[Round "2"]
[White "Choma, Ernani Francisco"]
[Black "Santos, Jose Augusto Ribeir"]
[Result "1-0"]
[WhiteElo "2347"]
[BlackElo "2046"]
[PlyCount "82"]
[EventDate "2015.08.28"]
[EventType "swiss"]
[EventRounds "6"]
[EventCountry "BRA"]
[SourceTitle "EXT 2016"]
[Source "ChessBase"]
[SourceDate "2015.10.08"]
[SourceVersion "1"]
[SourceVersionDate "2015.10.08"]
[SourceQuality "1"]

1. Nf3 Nf6 2. c4 e6 3. g3 b6 4. Bg2 Bb7 5. 0-0 c5 6. b3 Be7 7. Bb2 0-0 8. e3 d6 9. Qe2 Nbd7 10. d4 Qc7 11. Nc3 a6 12. Rac1 Rfe8 13. Rfd1 Rac8 14. d5 exd5 15. cxd5 b5 16. Nh4 Bf8 17. Qc2 g6 18. e4 Bg7 19. Re1 Nb6 20. Qb1 Qb8 21. Qa1 Nfd7 22. f4 Qa7 23. Nxb5 Bxb2 24. Nxa7 Bxa1 25. Rxa1 Rc7 26. Nc6 Bxc6 27. dxc6 Rxc6 28. e5 d5 29. Rad1 a5 30. Bxd5 Nxd5 31. Rxd5 Nb6 32. Rd2 a4 33. Rc1 axb3 34. axb3 Rec8 35. Rdc2 c4 36. Rc3 Kg7 37. Nf3 Rc5 38. Nd2 g5 39. Ne4 Rd5 40. bxc4 Rd4 41. Nd6 Rc5 1-0

[Event "Matinhos Caioba-ch"]
[Site "Matinhos"]
[Date "2015.08.28"]
[Round "1"]
[White "Santos, Jose Augusto Ribeir"]
[Black "Camargo, Luca Oshiro"]
[Result "1-0"]
[WhiteElo "2046"]
[BlackElo "1484"]
[PlyCount "167"]
[EventDate "2015.08.28"]
[EventType "swiss"]
[EventRounds "6"]
[EventCountry "BRA"]
[SourceTitle "EXT 2016"]
[Source "ChessBase"]
[SourceDate "2015.10.08"]
[SourceVersion "1"]
[SourceVersionDate "2015.10.08"]
[SourceQuality "1"]

1. e4 c5 2. Nf3 a6 3. c4 e6 4. Nc3 Nc6 5. d4 cxd4 6. Nxd4 Bb4 7. Be2 Nf6 8. Nxc6 dxc6 9. Qc2 e5 10. h3 0-0 11. 0-0 Qe7 12. a3 Bxc3 13. bxc3 Be6 14. Be3 Rfd8 15. a4 c5 16. f4 Bd7 17. f5 Bc6 18. Bf3 Rd7 19. g4 h6 20. h4 Nxg4 21. Bxg4 Qxh4 22. Qg2 Rd3 23. Rae1 Rxc3 24. f6 g6 25. Bf2 Qg5 26. Bxc5 Rxc4 27. Be3 Qh4 28. Bc1 Rc3 29. Re3 Rxe3 30. Bxe3 Rd8 31. Bf2 Qg5 32. Bf3 Qxg2+ 33. Kxg2 Rd6 34. a5 Rxf6 35. Be3 g5 36. Rd1 Kg7 37. Rd8 Re6 38. Kf2 Re8 39. Rd6 Re7 40. Rxc6 bxc6 41. Be2 Re8 42. Bb6 Ra8 43. Bg4 Kg6 44. Bd7 h5 45. Bxc6 Rc8 46. Bb7 Rc2+ 47. Kg1 g4 48. Bxa6 h4 49. Bf1 Rc1 50. a6 Ra1 51. a7 f5 52. exf5+ Kxf5 53. Kh2 Ra2+ 54. Kg1 g3 55. Bc4 Ra1+ 56. Kg2 Kg4 57. Be6+ Kf4 58. Bd5 Kg4 59. Bf3+ Kf4 60. a8Q Rxa8 61. Bxa8 e4 62. Bc7+ Ke3 63. Bb7 Kd2 64. Bxe4 Ke3 65. Bb7 Ke2 66. Bd8 Ke3 67. Bc6 Kf4 68. Bxh4 Ke5 69. Ba8 Kd4 70. Bf3 Ke3 71. Bd1 Kd4 72. Be2 Ke5 73. Bh5 Ke4 74. Bd1 Kd5 75. Bd8 Ke5 76. Bc7+ Ke4 77. Bf3+ Kd4 78. Bb8 Ke3 79. Bd6 Kd4 80. Bf4 Kd3 81. Kxg3 Kd4 82. Kg4 Kd3 83. Kf5 Kd4 84. Be4 1-0

[Event "BRA-ch Amateur"]
[Site "Sao Paulo"]
[Date "2013.02.10"]
[Round "3"]
[White "Santos, Jose Augusto Ribeir"]
[Black "Leal, Paulo Donizete"]
[Result "0-1"]
[WhiteElo "2046"]
[BlackElo "1850"]
[PlyCount "140"]
[EventDate "2013.02.09"]
[EventType "swiss"]
[EventRounds "7"]
[EventCountry "BRA"]
[SourceTitle "CBM 152 Extra"]
[Source "ChessBase"]
[SourceDate "2013.02.25"]
[SourceVersion "1"]
[SourceVersionDate "2013.02.25"]
[SourceQuality "1"]

1. d4 Nf6 2. Nf3 e6 3. e3 d5 4. Bd3 c5 5. b3 Qc7 6. Bb2 c4 7. bxc4 dxc4 8. Be2 b5 9. 0-0 Bb7 10. a3 Nbd7 11. Nc3 a6 12. h3 Bd6 13. Nd2 e5 14. Bf3 exd4 15. exd4 0-0 16. Bxb7 Qxb7 17. Qf3 Qxf3 18. Nxf3 Rfe8 19. Rfe1 Nb6 20. Ng5 Nbd5 21. Nxd5 Nxd5 22. Ne4 Bf4 23. Kf1 f5 24. Nc5 Bd2 25. Re2 c3 26. Bc1 Rxe2 27. Kxe2 Re8+ 28. Kf3 Re1 29. Nd3 Rg1 30. Bb2 Rxa1 31. Bxa1 Kf7 32. g3 a5 33. Ke2 b4 34. axb4 axb4 35. Kd1 Ke6 36. Nc5+ Kd6 37. Nb3 Bg5 38. Nc5 Bf6 39. Nb3 f4 40. Ke2 fxg3 41. fxg3 Ne7 42. Kd3 Kd5 43. Bxc3 bxc3 44. Kxc3 Nc6 45. Kd3 Bxd4 46. c4+ Ke5 47. Nd2 Bf2 48. Nf3+ Kf5 49. Nh4+ Kf6 50. Ke4 Bxg3 51. Nf5 Bf2 52. Nd6 Ke6 53. Ne8 g6 54. Nc7+ Kf6 55. Nd5+ Kg5 56. Kf3 Bg1 57. Kg2 Bc5 58. Nc3 Kf5 59. Na4 Bd4 60. c5 Kf4 61. Nb6 Bxc5 62. Nd5+ Ke5 63. Nc3 Ne7 64. Kf3 Nf5 65. Ne2 Nd4+ 66. Nxd4 Bxd4 67. Kg4 h6 68. h4 Ke4 69. Kh3 Kf3 70. h5 g5 0-1

[Event "BRA-ch Amateur"]
[Site "Sao Paulo"]
[Date "2013.02.09"]
[Round "2"]
[White "Sousa, Felipe Mazim De"]
[Black "Santos, Jose Augusto Ribeir"]
[Result "0-1"]
[WhiteElo "1737"]
[BlackElo "2046"]
[PlyCount "80"]
[EventDate "2013.02.09"]
[EventType "swiss"]
[EventRounds "7"]
[EventCountry "BRA"]
[SourceTitle "CBM 152 Extra"]
[Source "ChessBase"]
[SourceDate "2013.02.25"]
[SourceVersion "1"]
[SourceVersionDate "2013.02.25"]
[SourceQuality "1"]

1. e4 c5 2. Nf3 d6 3. d4 cxd4 4. Nxd4 Nf6 5. Nc3 a6 6. Bc4 e6 7. Bb3 Be7 8. Be3 Nc6 9. f3 0-0 10. Qd2 Qc7 11. 0-0 Na5 12. Rac1 Nc4 13. Bxc4 Qxc4 14. Nb3 Bd7 15. Bg5 Qc7 16. Rcd1 Bc6 17. Bxf6 gxf6 18. Qh6 Rae8 19. f4 Kh8 20. Rd3 Rg8 21. Rh3 Rg7 22. Rff3 Reg8 23. Kf1 Bxe4 24. Nxe4 Qc4+ 25. Rd3 Qxe4 26. g3 Qc4 27. Nd4 Qxa2 28. b3 d5 29. Rd2 Qa5 30. Ke2 Qc7 31. Kd1 Qc3 32. g4 Qa1+ 33. Ke2 Rc8 34. g5 fxg5 35. f5 exf5 36. Nxf5 Qe5+ 37. Re3 Qxf5 38. Rxe7 Qg4+ 39. Ke1 Rg6 40. Rd4 Qg1+ 0-1